000 00952nam a2200289 a 4500
001 63336
003 BD-RjUL
005 20211209081201.0
008 170129s1995 ii a 001 0deng d
020 _a8172232020
035 _a(BD-RjUL)63465
040 _aDLC
_cDLC
_dDLC
_beng
041 _aeng
082 0 0 _a954.052092
_bVEM 1995
100 1 _aVenkataraman, Ramaswami,
_d1910-2009.
_9188484
245 1 0 _aMy presidential years /
_cR. Venkataraman.
260 _aNew Delhi :
_bHarperCollins Publishers India,
_c1995
300 _axii, 671 p. :
_bill. (some col.) ;
_c24 cm.
500 _aSpine title: R. Venkataraman, my presidential years.
500 _aIncludes index.
600 1 0 _aVenkataraman, Ramaswami,
_d1910-2009.
_9188484
650 0 _aPresidents
_zIndia.
_9188485
651 0 _aIndia
_xPolitics and government
_y1977-
_9172066
740 0 _aR. Venkataraman, my presidential years.
942 _2ddc
_cBK
999 _c63336
_d63336